000 01197nam a2200277Ia 4500
003 OSt
005 20200901124810.0
008 191128s2015 ck ado gr 000 0 spa d
020 _a9789586441841
040 _aCO-JMCR
_cCO-JMCR
041 0 _aspa
082 0 4 _a371.82909861 /
_bN682k
_223
100 1 _aNievas, Carlos Enrique,
_eautor
_99575
245 0 _aKu zhime kun :
_bintegración del pensamiento wiwa en la escuela /
_cCarlos Enrique Nieves, Pepe Pinto Barros, Cindy Paola Pinto, Wilmer Javier Fragozo, [Y otros 9]
260 _aBogotá :
_bCinep,
_c2015.
300 _a172 páginas :
_b ilustraciones, fotogafías a color y blanco y negro ;
_c21x21 cm.
490 0 _aPrograma por la paz
505 0 _aEl cuidado del ser Wiwa -- La producción de alimentos -- Los recursos del territorio -- La contaminación -- El Maguey y el tejido -- La cultrura Wiwa en la comunidad de Tezhumke
546 _aspa
650 2 4 _aEducación indígena
_zColombia
_99576
650 2 4 _aIndigenas de Colombia
_xEducación
_99577
700 1 _aPinto Barros, Pepe,
_eautor
_99578
700 1 _a Pinto, Cindy Paola,
_eautor
_99579
700 1 _aFragozo, Wilmer Javier,
_eautor
_99580
942 _2ddc
_cBK
999 _c4588
_d4588